[Event "BIH-chT Cup"]
[Site "Banja Vrucica"]
[Date "2013.08.16"]
[Round "7"]
[White "Ilic, Slobodan S"]
[Black "Brkic, Milan"]
[Result "1-0"]
[WhiteElo "2212"]
[BlackElo "2211"]
[PlyCount "59"]
[EventDate "2013.08.10"]
[EventType "team-tourn"]
[EventRounds "9"]
[EventCountry "BIH"]
[SourceTitle "CBM 155 Extra"]
[Source "ChessBase"]
[SourceDate "2013.08.26"]
[SourceVersion "1"]
[SourceVersionDate "2013.08.26"]
[SourceQuality "1"]

1. d4 d5 2. Nf3 Nf6 3. Bg5 e6 4. e3 Be7 5. Bd3 Nbd7 6. 0-0 c6 7. c4 0-0 8. Nc3 Re8 9. Qc2 h6 10. Bh4 Nh5 11. Bxe7 Qxe7 12. Rfe1 Nhf6 13. e4 dxc4 14. Bxc4 e5 15. d5 Nb6 16. Bb3 Qc5 17. Rac1 Bg4 18. dxc6 Qxc6 19. Qe2 Rac8 20. h3 Bh5 21. Rc2 Bxf3 22. Qxf3 Qd7 23. Rd1 Qe7 24. Rcd2 g6 25. Nb5 Rc5 26. Nd6 Rf8 27. Qe3 Rc6 28. Qxh6 Nbd5 29. Bxd5 Nxd5 30. Rxd5 1-0

[Event "BIH-chT Cup"]
[Site "Banja Vrucica"]
[Date "2013.08.14"]
[Round "5"]
[White "Brkic, Milan"]
[Black "Milosevic, Goran"]
[Result "0-1"]
[WhiteElo "2211"]
[BlackElo "2342"]
[PlyCount "62"]
[EventDate "2013.08.10"]
[EventType "team-tourn"]
[EventRounds "9"]
[EventCountry "BIH"]
[SourceTitle "CBM 155 Extra"]
[Source "ChessBase"]
[SourceDate "2013.08.26"]
[SourceVersion "1"]
[SourceVersionDate "2013.08.26"]
[SourceQuality "1"]

1. e4 c5 2. Nf3 e6 3. b3 a6 4. c4 d6 5. d4 cxd4 6. Nxd4 Nf6 7. Nc3 Qc7 8. Bb2 Be7 9. Bd3 0-0 10. 0-0 Nbd7 11. Rc1 Re8 12. Kh1 b6 13. f4 Bb7 14. Qe2 Bf8 15. Rce1 g6 16. e5 Nh5 17. Be4 Bxe4 18. Qxe4 Nc5 19. Qe2 Nxf4 20. Rxf4 dxe5 21. Ndb5 Qe7 22. Rf3 axb5 23. b4 Nd7 24. a3 bxc4 25. Qxc4 Bg7 26. Qb5 Rab8 27. Rd3 Nf8 28. Na4 e4 29. Rxe4 Bxb2 30. Nxb2 Qf6 31. Rd2 Red8 0-1

[Event "Gorazde op"]
[Site "Gorazde"]
[Date "2009.11.13"]
[Round "3"]
[White "Basic, Enver"]
[Black "Brkic, Milan"]
[Result "1-0"]
[WhiteElo "1811"]
[BlackElo "2261"]
[PlyCount "115"]
[EventDate "2009.11.12"]
[EventType "swiss"]
[EventRounds "7"]
[EventCountry "BIH"]
[SourceTitle "EXT 2011"]
[Source "ChessBase"]
[SourceDate "2010.11.26"]
[SourceVersion "1"]
[SourceVersionDate "2010.11.26"]
[SourceQuality "1"]

1. e4 e5 2. f4 c6 3. Nf3 exf4 4. d4 Nf6 5. Nc3 Bb4 6. Bd3 d5 7. e5 Ne4 8. Bd2 Nxd2 9. Qxd2 g5 10. h4 g4 11. Ng5 h6 12. Nh7 Be7 13. Qxf4 Bxh4+ 14. g3 Be7 15. Rxh6 Be6 16. Bf5 Na6 17. Bxe6 fxe6 18. Qxg4 Qd7 19. Nf6+ Bxf6 20. Rxh8+ Bxh8 21. Qg8+ Ke7 22. Qxa8 Bg7 23. Qg8 Bf8 24. 0-0-0 Qe8 25. Kb1 Qf7 26. Qxf7+ Kxf7 27. Rf1+ Kg7 28. Ne2 Be7 29. Nf4 Nc7 30. Kc1 c5 31. c3 b5 32. Kc2 a5 33. Nd3 c4 34. Nf4 Bg5 35. b3 Be7 36. bxc4 dxc4 37. Rd1 Bg5 38. d5 exd5 39. Nxd5 Ne6 40. Rb1 b4 41. Nb6 bxc3 42. Kxc3 Nc5 43. Kxc4 Ne4 44. Rb5 Bd8 45. Nc8 Kg6 46. Rd5 Bc7 47. Kd4 Nxg3 48. Rc5 Bd8 49. Kd5 Nf5 50. Rc6+ Kg7 51. Kc4 Kf8 52. a4 Bh4 53. Kb5 Bd8 54. Ka6 Ne3 55. e6 Nd5 56. Rd6 Nb4+ 57. Kb5 Ke8 58. e7 1-0

[Event "Gorazde op 1st"]
[Site "Gorazde"]
[Date "2008.11.07"]
[Round "4"]
[White "Brkic, Milan"]
[Black "Maric, Spasoje"]
[Result "0-1"]
[WhiteElo "2256"]
[BlackElo "2185"]
[PlyCount "86"]
[EventDate "2008.11.06"]
[EventType "swiss"]
[EventRounds "7"]
[EventCountry "BIH"]
[SourceTitle "EXT 2010"]
[Source "ChessBase"]
[SourceDate "2010.11.25"]
[SourceVersion "1"]
[SourceVersionDate "2010.11.25"]
[SourceQuality "1"]

1. e4 e5 2. Nf3 Nc6 3. Bb5 Bc5 4. 0-0 Nf6 5. Re1 Ng4 6. Re2 Nd4 7. Nxd4 Bxd4 8. h3 Nxf2 9. Rxf2 Bxf2+ 10. Kxf2 Qf6+ 11. Ke2 Qg6 12. Qf1 Qxe4+ 13. Kd1 c6 14. Be2 d5 15. d3 Qf5 16. Qxf5 Bxf5 17. Nc3 0-0 18. Ke1 Bg6 19. Bg5 h6 20. Bh4 f5 21. Kd2 Bf7 22. Rf1 g5 23. Bf2 Bg6 24. Bc5 Rfe8 25. g4 f4 26. Re1 b6 27. Ba3 Rad8 28. Bf3 e4 29. Bg2 exd3 30. Rxe8+ Rxe8 31. cxd3 Re3 32. Bd6 Rxd3+ 33. Ke2 Re3+ 34. Kf2 Bd3 35. Bf3 Kf7 36. Bb8 Re7 37. Bd6 Re8 38. a4 a6 39. b4 b5 40. a5 d4 41. Ne2 Bxe2 42. Bxe2 d3 43. Bd1 d2 0-1